Naturaleza, conocimiento y sabiduría /

Exponen el debate en torno a la “biopiratería” como un mecanismo de privatización del conocimiento, siendo uno de los riesgos más evidentes para el futuro de la diversidad cultural, humana, vegetal y animal. En la primera parte del texto, se define la “biopiratería”, la cual se entiende como la prác...

詳細記述

保存先:
書誌詳細
第一著者: Montecinos, Camila
その他の著者: Vicente, Carlos A.
フォーマット: テキスト
言語:Spanish
主題:
タグ: タグ追加
タグなし, このレコードへの初めてのタグを付けませんか!

MARC

LEADER 00000 a a2200000 04500
001 48253
003 cru CIDCACS/IIS
005 20171122062527.0
008 171121b xxu||||| |||| 00| 0 spa d
999 |c 30930  |d 30930 
040 |c cru CIDCACS/IIS 
100 |a Montecinos, Camila  
245 |a Naturaleza, conocimiento y sabiduría /  |c Camila Montecinos, Carlos A. Vicente  
520 |a Exponen el debate en torno a la “biopiratería” como un mecanismo de privatización del conocimiento, siendo uno de los riesgos más evidentes para el futuro de la diversidad cultural, humana, vegetal y animal. En la primera parte del texto, se define la “biopiratería”, la cual se entiende como la práctica de apropiarse y monopolizar lo que ha sido descubierto a través de los años por pueblos y comunidades enteras. La segunda parte expone el trasfondo ideológico de dicha práctica. La cuarta parte, desarrolla el tema de los derechos de propiedad intelectual. La quinta parte desarrolla los impactos socioambientales de la biopirateria y de los derechos de propiedad intelectual sobre la vida. Finaliza con las respuestas de los pueblos ante tales amenazas.  
650 0 |9 5476  |a CONOCIMIENTO 
650 1 0 |9 488  |a ACCESO A LA INFORMACION 
650 1 0 |9 3828  |a PROPIEDAD INTELECTUAL 
650 1 0 |9 5162  |a DERECHOS DE AUTOR 
650 1 0 |9 4101  |a PATENTES 
650 1 0 |9 1410  |a CONOCIMIENTOS AUTOCTONOS 
700 |a Vicente, Carlos A.  
773 |g páginas 205-213  
942 |2 ddc  |c LI